000 00362nam a2200157Ia 4500
003 Ost
005 20260225132555.0
008 260225s9999||||xx |||||||||||||| ||und||
040 _cfsic
041 _afre
082 _a440
100 _aEmile Noel
_eAuteur
245 0 _aCybermonoes ou tu nous mènes,grand frère /
245 0 _cEmile Noel
942 _cكتاب
999 _c34391
_d34391